| 000 | 00778cab a2200217 4500 | ||
|---|---|---|---|
| 001 | WB3040-32 | ||
| 008 | 090401t1994 xxu||||| |||| 00| 0 eng d | ||
| 035 | _a(Sirsi) u75698 | ||
| 041 | _aeng | ||
| 245 | _aTechnology in buildings | ||
| 260 | _c1994 | ||
| 350 | _a0 | ||
| 490 |
_aFinancial Times _v26 October 1994, 10(1) |
||
| 520 | _aDiscusses the problems of cost and maintenance in buildings that have developed a substantial amount of high-technology and highlights the need for flexibility to change. Considers the problems of over-specification and under-specification. | ||
| 650 | _aHIGH TECHNOLOGY | ||
| 650 | _aOFFICE TECHNOLOGY | ||
| 650 | _aOFFICES | ||
| 690 | _aMANAGEMENT-BUSINESS MANAGEMENT-INFORMATION MANAGEMENT | ||
| 942 | _n0 | ||
| 948 | _c04/03/1997 | ||
| 999 |
_c47613 _d47613 |
||